| 000 | 00505nam a2200157Ia 4500 | ||
|---|---|---|---|
| 008 | 230907s9999||||xx |||||||||||||| ||und|| | ||
| 082 |
_a620 _bAHM |
||
| 100 |
_aAhmed Hassan (00000206054) _9116549 |
||
| 245 | 0 | _aPhoto-Electrochemical Water Splitting through Graphene-Based ZnS Composites for H2 Production / | |
| 260 |
_aUSPCAS-E, NUST, _bIslamabad : _c2021 |
||
| 300 | _axvi, 136 p. | ||
| 520 | _aTH-249 | ||
| 650 | _aMS-ESE Thesis MS Thesis | ||
| 700 |
_aDr Rabia Liaquat _928881 |
||
| 942 |
_cTHE _2ddc |
||
| 999 |
_c601927 _d601927 |
||